Responses for Show #4331 - Monday, June 2, 2003

Contestants

[<< previous game]

Jeannette Jargon, from Denver, Colorado

Jonathan Kulick, a graduate student and policy analyst from Los Angeles, California

Warren Usui, a computer programmer from Pacific Palisades, California (whose 1-day cash winnings total $14,600)

[next game >>]

Jeopardy! Round responses

ROCHESTER
NOW CUT THAT OUT!
FOREVER 39
THE JOCK
BENNY
"SHOW"
    $200 16
Indiana

Jonathan
    $200 26
cataract

Jonathan
    $200 10
Shaquille O'Neal

Warren
    $200 6
heavyweight

Warren
    $200 21
Benjamin Franklin

Warren
    $200 1
show and tell

Jonathan
    $400 17
Massachusetts

Warren
    $400 27
Caesarean section

Jonathan
    $400 12
(Jonathan: What is 1932?)

1933

WarrenJonathan
    $400 7
cricket

Jonathan
    $400 22
Benjamin Harrison

Warren
    $400 2
show trial

Jonathan
    $600 18
Michigan

Jonathan
    $600 28
baboon

Warren
    $600 13
Los Alamos

Jeannette
    $600 8
(Warren: What is 1984?)

1980

Warren
Triple Stumper
    $600 23
Dr. Benjamin Spock

Warren
    $600 3
show stopper

Jonathan
    $800 19
(Jonathan: What is Lake Erie?)

Lake Ontario

WarrenJonathan
    $800 29
(Jeannette: What is the heart?)

kidney

WarrenJeannette
    $800 14
Queen Victoria

Jonathan
    $800 9
John Elway

Jeannette
    $4,600 24
almanac

Warren
    $800 4
show runner

Triple Stumper
    $1000 20
New Hampshire

Warren
    $1000 30
arthroscopic surgery

Jeannette
    $1000 15
The Koran

Warren
    $1000 11
(Warren: What is black?)
(Jeannette: What is red?)

yellow

WarrenJeannette
Triple Stumper
    $1000 25
(Alex: With a minute to go.)

Benjamin Britten

Warren
    $1000 5
"Show-Me State" (Missouri)

Warren

Scores at the first commercial break (after clue 15):

Warren Jonathan Jeannette
$1,200 $2,000 $400

Scores at the end of the Jeopardy! Round:

Warren Jonathan Jeannette
$11,600 $2,600 $600

Double Jeopardy! Round responses

HAIL TO THE NOBLE GASES
CHARACTERS IN MUSICALS
THE 3-DIGIT YEARS
COMMUNICATIONS
STATE NICKNAMES
HAVE YOU HEARD THE WORD?
    $400 3
helium

Warren
    $400 4
Bloody Mary

Jeannette
    $400 30
(Alex: Jeannette, you're at -$2,200, in the red, so you won't be around for Final Jeopardy!, but thanks for being with us today!)

India

Warren
    $400 13
white flag

Jonathan
    $400 17
North Dakota & South Dakota

Warren
    $400 1
security blanket

Jeannette
    $800 9
neon

Jonathan
    $800 5
Hello, Dolly!

Warren
    $800 29
Byzantine Empire

Jonathan
    $800 14
(Warren: What is television?)

radio

WarrenJonathan
    $800 18
Utah

Jonathan
    $800 2
toboggan

Warren
    $1200 10
inert

Jonathan
    $3,000 6
Evita

Warren
    $1200 28
satire

Jonathan
    $1200 15
Navajo

Jonathan
    $1200 19
"The Evergreen State"

Jonathan
    $6,000 23
(Jonathan: What is a miasma?)
....
(Alex: Less than a minute to go now.)

maelstrom

Jonathan
    $1600 11
argon

Warren
    $1600 7
Brigadoon

Warren
    $1600 27
(Jonathan: Who is Charlemagne?)

Pepin

Jonathan
Triple Stumper
    $1600 16
fiber optic cable

Warren
    $1600 20
(Jeannette: What is Pennsylvania?)

Connecticut

Jeannette
Triple Stumper
    $1600 24
Inca

Jonathan
    $2000 12
radon

Jonathan
    $2000 8
Man of La Mancha

Triple Stumper
    $2000 26
Irish (Ireland)

Jonathan
    $2000 22
(Jonathan: What is a hotlink?)

HotSync

Jonathan
Triple Stumper
    $2000 21
(Jeannette: What is New Mexico?)

Nevada

Jeannette
Triple Stumper
    $2000 25
tundra

Jonathan

Scores at the end of the Double Jeopardy! Round:

Warren Jonathan Jeannette
$21,400 $9,000 -$2,200
(lock game)

[wagering suggestions for these scores]

Final Jeopardy! Round responses

ACTRESSES
JonathanWho is Bardot?
$8,999
WarrenWho is Brigette Bardot?
$2,000
Brigitte Bardot

Final scores:

Warren Jonathan Jeannette
$23,400 $17,999 -$2,200
2-day champion: $38,000 2nd place: $2,000 3rd place: $1,000

Game dynamics:

Coryat scores:

Warren Jonathan Jeannette
$15,800 $15,000 -$2,200
24 R
(including 2 DDs),
3 W
22 R,
5 W
(including 1 DD)
5 R,
4 W

Combined Coryat: $28,600

[game clues] [game scores] [suggest correction]

Game tape date: 2003-02-18
The J! Archive is created by fans, for fans. Scraping, republication, monetization, and malicious use prohibited; this site may use cookies and collect identifying information. See terms. The Jeopardy! game show and all elements thereof, including but not limited to copyright and trademark thereto, are the property of Jeopardy Productions, Inc. and are protected under law. This website is not affiliated with, sponsored by, or operated by Jeopardy Productions, Inc. Join the discussion at JBoard.tv.